00548nam a2200169Ia 4500008004100000020001800041082001900059100002600078245005500104250000600159260004800165300001000213500001300223650002900236952009600265999001700361120629s9999 xx 000 0 und d a968-26-1258-6 a658.562 F297c aFeigenbaum, Armand V. aControl total de la calidad / Armand V. Feigenbaum a3 aMéxico : Compañia Editorial Continental a922 p aÍndice a1. CONTROL DE CALIDADÌ 00104070a15b15d2007-03-28l0o658.562 F297Cp15 001928r2017-12-07t1w2012-06-28yLB c75680d75680